000 00491nam a2200181 i 4500
001 85070
003 ES-MaACL
005 20231227062533.0
007 t|
008 041125s1977 sp ||||1| spa d
100 1 _aJiménez, Juan Ramón,
_d1881-1958
_966417
245 1 0 _aCartas literarias /
_cJuan Ramón Jiménez.
250 _a[1ª ed.].
260 _a[Barcelona] :
_bBruguera,
_c[1977]
300 _a343 p. ;
_c18 cm.
852 _aES-MaACL
_jA-7918
_bR.97046
999 _c85070
_d85070